| 000 | 00461nam a22001577a 4500 | ||
|---|---|---|---|
| 005 | 20241214142553.0 | ||
| 008 | 241214b |||||||| |||| 00| 0 eng d | ||
| 020 | _a0064539148 | ||
| 050 |
_aQM25 _b.K36 |
||
| 100 | _aKapit, Wynn | ||
| 245 |
_aThe Anatomy Coloring Book/ _cWynn Kapit & Lawrence M. Elson |
||
| 260 |
_aCambridge, Philadelphia _bHarper & Row Publishers _c1977 |
||
| 300 |
_a142p. _bill. _c27.5cm |
||
| 700 | _aElson, Lawrence M. | ||
| 942 |
_2lcc _cBK _n0 |
||
| 999 |
_c2223 _d2223 |
||